[Event "12th TCh-RUS Women"]
[Site "Olginka RUS"]
[Date "2011.04.18"]
[Round "3"]
[White "Gileva, Irina"]
[Black "Kabanova, Ekaterina"]
[Result "1-0"]
[WhiteTitle "WFM"]
[BlackTitle "WFM"]
[WhiteElo "2133"]
[BlackElo "2190"]
[WhiteTeam "Polytechnic"]
[BlackTeam "Ugra"]
[WhiteFideId "4121600"]
[BlackFideId "24112917"]
[EventDate "2011.04.16"]

1. e4 c5 2. Nf3 Nc6 3. d4 cxd4 4. Nxd4 Nf6 5. Nc3 d6 6. Be2 g6 7. O-O Bg7 8. Nb3
O-O 9. Bg5 Be6 10. Re1 a5 11. Bb5 Ng4 12. a4 Qb6 13. Qd2 Bxc3 14. bxc3 f6 15.
Bh4 Rfc8 16. h3 Nge5 17. Kh1 Na7 18. Nd4 Nxb5 19. Nxb5 Nc4 20. Qd4 Qc5 21. f4
Bd7 22. Rab1 Kf7 23. Bf2 Qc6 24. Na7 Rxa7 25. Qxa7 b6 26. Bxb6 Qxa4 27. Bd4 e5
28. fxe5 dxe5 29. Rb7 Ke6 30. Bg1 Nd6 31. Rb6 Rxc3 32. Rd1 Rc6 33. Bc5 Nxe4 34.
Qxd7# 1-0